Music Quiz

Random Music or Song Quiz

Song Titles: Word vs. Word Quiz Stats

 Plays Quiz Updated Jun 23, 2019

Score 0/30 Timer 04:00
1 Play Today
Question Answer Wrong Answers
Eyes or Arms?
(379 to 111)
Eyes
80.1%
Arms
13.6%
Hot or Cold?
(187 to 145)
Hot
79.6%
Cold
14.4%
Christmas or Santa?
(293 to 53)
Christmas
75.9%
Santa
18.1%
Mama or Daddy?
(189 to 103)
Mama
75%
Daddy
18.9%
Once or Forever?
(182 to 100)
Forever
74.3%
Once
19.4%
Dog or Cat?
(124 to 65)
Dog
73.4%
Cat
20.8%
Pretty or Beautiful?
(229 to 130)
Beautiful
70.3%
Pretty
23.4%
Week or Year?
(66 to 34)
Year
67.6%
Week
26.5%
God or Jesus?
(227 to 131)
God
66.9%
Jesus
27.1%
Smile or Cry?
(291 to 108)
Cry
66.3%
Smile
27.6%
Happy or Sad?
(197 to 99)
Happy
65.2%
Sad
28.9%
Coming or Going?
(154 to 141)
Going
58.6%
Coming
35.2%
City or Country?
(257 to 132)
City
58.4%
Country
35.4%
War or Peace?
(120 to 105)
War
56.1%
Peace
37.5%
Today or Tomorrow?
(125 to 117)
Tomorrow
55.1%
Today
38.8%
Yellow or Purple?
(42 to 34)
Yellow
55%
Purple
39%
Here or Gone?
(457 to 314)
Here
53.9%
Gone
40%
Gonna or Wanna?
(364 to 319)
Gonna
46.4%
Wanna
47.6%
Oh or Hey?
(244 to 228)
Oh
46%
Hey
48.2%
Empty or Full?
(86 to 62)
Full
44.7%
Empty
49.4%
Big or Little?
(823 to 319)
Little
44.5%
Big
49.4%
Something or Nothing?
(222 to 212)
Something
43.6%
Nothing
50.4%
Yours or Mine?
(211 to 58)
Mine
41.8%
Yours
52.7%
Hello or Goodbye?
(222 to 121)
Goodbye
41.7%
Hello
52.1%
King or Queen?
(195 to 112)
King
40.3%
Queen
53.6%
Together or Alone?
(193 to 186)
Alone
38.2%
Together
55.9%
Saturday or Sunday?
(90 to 83)
Sunday
37.6%
Saturday
56.2%
Word or Letter?
(90 to 78)
Letter
32.9%
Word
61%
Always or Never?
(530 to 169)
Never
32.9%
Always
61%
Eagle or Dove?
(17 to 13)
Dove
30.3%
Eagle
63.6%

You're not logged in!

Compare scores with friends on all Sporcle quizzes.
OR
Log In

Show Comments

Extras

Top Quizzes Today


Score Distribution

Your Account Isn't Verified!

In order to create a playlist on Sporcle, you need to verify the email address you used during registration. Go to your Sporcle Settings to finish the process.

Report this User

Report this user for behavior that violates our Community Guidelines.

Details: